Normal view
MARC view
- سالم، محمد عزيز نظمي
Entry Personal Name
001 - CONTROL NUMBER
- control field: 35693
003 - CONTROL NUMBER IDENTIFIER
- control field: JO-AjAnu
005 - DATE AND TIME OF LATEST TRANSACTION
- control field: 20230606075951.0
008 - FIXED-LENGTH DATA ELEMENTS
- fixed length control field: 230606|| aca||aabn | a|a d
040 ## - CATALOGING SOURCE
- Original cataloging agency: JO-AjAnu
- Transcribing agency: JO-AjAnu
100 ## - HEADING--PERSONAL NAME
- Personal name: سالم، محمد عزيز نظمي
670 ## - SOURCE DATA FOUND
- Source citation: Work cat.: (JO-AjAnu)18328: سالم، محمد عزيز نظمي , author, قراءات في علم الجمال حول الإستطيقا النظرية والتطبيق=Reading of Aesthetics :Theoretical &Applied /الجمالية وتطور الفن، ج3